| 000 | 00367nam a2200145Ia 4500 | ||
|---|---|---|---|
| 008 | 260319s9999 xx 000 0 und d | ||
| 020 | _a9.7893859986e+012 | ||
| 082 |
_a621.395 _bVAS/T |
||
| 100 | _aVasudevan,Shriram K | ||
| 245 | 0 | _aTextbook of Digital Electronics | |
| 250 | _a2nd Edition | ||
| 260 |
_aNew Delhi _bMedtech _c2017 |
||
| 300 | _a288p. | ||
| 942 | _cBK | ||
| 999 |
_c51173 _d51173 |
||